Memorias íntimas y secretas de Manuel de Azaña: la república española y sus hombres juzgados por el presidente
Zapisane w:
| Format: | Książka |
|---|---|
| Język: | hiszpański |
| Wydane: |
Santiago
s.n
1938
|
| Hasła przedmiotowe: | |
| Etykiety: |
Dodaj etykietę
Nie ma etykietki, Dołącz pierwszą etykiete!
|
MARC
| LEADER | 00000nam a2200000 a 4500 | ||
|---|---|---|---|
| 001 | UCO1259 | ||
| 003 | CL-VaPUC | ||
| 008 | 000512e19380000cl |||||||||||||||||spa|d | ||
| 082 | 0 | 4 | |a 866 |b MEM |2 21 |
| 245 | 1 | 0 | |a Memorias íntimas y secretas de Manuel de Azaña: la república española y sus hombres juzgados por el presidente |
| 300 | |a 128 p | ||
| 942 | |c BK | ||
| 945 | |d 20000512 00:00:00 |a rherrera | ||
| 260 | |a Santiago |b s.n |c 1938 | ||
| 650 | 7 | |a MEMORIAS |2 CL-VaPUC |9 269159 | |
| 650 | 7 | |a LITERATURA ESPAÑOLA SIGLO 20 |2 CL-VaPUC |9 343079 | |
| 651 | 0 | |a España |9 254926 | |
| 999 | |c 287888 |d 287886 | ||
| 583 | |k Rodrigo Vera | ||
| 952 | |0 0 |1 0 |4 0 |6 866_000000000000000_MEM_1938 |7 0 |8 X |9 334975 |a BIBHIS |b BIBHIS |d 2019-11-20 |i 126978K |o 866 MEM 1938 |p 126978K |r 2024-01-30 |w 2019-11-20 |y BK_X |k HIS | ||